Freud, Race, and Gender (Record no. 5949)
[ view plain ]
| 000 -LEADER | |
|---|---|
| fixed length control field | 00408nam a22001697a 4500 |
| 005 - DATE AND TIME OF LATEST TRANSACTION | |
| control field | 20250109035417.0 |
| 008 - FIXED-LENGTH DATA ELEMENTS--GENERAL INFORMATION | |
| fixed length control field | 250109b |||||||| |||| 00| 0 eng d |
| 020 ## - INTERNATIONAL STANDARD BOOK NUMBER | |
| ISBN | 019564249X |
| 082 ## - DDC Classification | |
| DDC Edition Number | 2671 |
| Class No. | 305.3 |
| Item Number - Author Mark | SAN |
| 100 ## - MAIN ENTRY--PERSONAL NAME | |
| Personal name | Gilman, S.L |
| 245 ## - TITLE STATEMENT | |
| Title | Freud, Race, and Gender |
| 260 ## - PUBLICATION, DISTRIBUTION, ETC. | |
| Place of publication, distribution, etc. | Delhi |
| Name of publisher, distributor, etc. | Oxford University Press |
| Date of publication, distribution, etc. | 1997 |
| 300 ## - PHYSICAL DESCRIPTION | |
| Extent (e.g. Volumes, Pages etc.) | xvi, 277 p., |
| 650 ## - SUBJECT ADDED ENTRY--TOPICAL TERM | |
| Topical term or geographic name entry element | Race |
| 650 ## - SUBJECT ADDED ENTRY--TOPICAL TERM | |
| Topical term or geographic name entry element | Gender |
| 942 ## - Koha item type (Biblio) | |
| Koha item type | Books in Stacks (Lending) |
| Lost status | Damaged status | Collection code | Home library | Current library | Date acquired | Full call number | Accession Number | Item type |
|---|---|---|---|---|---|---|---|---|
| Lending | WERC Library | WERC Library | 01/09/2025 | 305.3 SAN | 2671 | Books in Stacks (Lending) |
